| 000 | 00752cam a2200253 i 4500 | ||
|---|---|---|---|
| 005 | 20260322212009.0 | ||
| 008 | data | ||
| 010 | _a 79067661 | ||
| 020 |
_a0500271828 (pbk.) : _c{dollar}10.95 |
||
| 020 |
_a9780500271827 (pbk.) : _c{dollar}10.95 |
||
| 040 |
_aDLC _cDLC _dDLC |
||
| 043 | _ae-uk--- | ||
| 050 | 0 | 0 |
_aDA30 _b.H33 1980 |
| 082 | 0 | 0 |
_a941 _219 |
| 092 | _a943.6 H33 1980 | ||
| 100 | 1 |
_aHalliday, F. E. _d1903- _q(Frank Ernest), |
|
| 245 | 1 | 2 |
_aA concise history of England from Stonehenge to the atomic age / _cF. E. Halliday. |
| 260 |
_aNew York : _bThames and Hudson, _c1980. |
||
| 300 |
_a240 p. : _bill. ; _c24 cm. |
||
| 500 | _aIncludes index. | ||
| 504 | _aBibliography: p. 225-227. | ||
| 651 | 0 |
_aGreat Britain _xHistory. |
|
| 001 | data | ||
| 999 |
_c170 _d170 |
||